00309nam a2200109Ia 4500008004100000041000800041100002200049245005500071260003500126300000800161700003000169250110s9999 xx 000 0 und d aeng aBhatnagar Shivani aMultiple Community Interactions At The Urban Level bFinal Year B. Arch, BNCAc2014 a77p aGuide Name:Divekar Asmita